[Event "Benidorm - Aficionados sub-2300 2014"]
[Site "Benidorm ESP"]
[Date "2014.11.30"]
[Round "3.69"]
[White "Tonus, Alex"]
[Black "Fernandez Lozano, Francesc"]
[Result "1-0"]
[WhiteElo "1907"]
[BlackElo "2049"]
[PlyCount "54"]
[EventDate "2014.11.28"]
[EventType "swiss"]
[EventRounds "10"]
[EventCountry "ESP"]
[SourceTitle "Ajedrez en Madrid"]
[Source "lmi"]
[SourceDate "2014.11.28"]

1. e4 d5 2. exd5 Qxd5 3. Nc3 Qd6 4. d4 Nf6 5. Bc4 a6 6. Nge2 b5 7. Bb3 Bb7 8.
Bf4 Qb6 9. O-O e6 10. d5 Bc5 11. dxe6 fxe6 12. Qd3 O-O 13. Qh3 Nd5 14. Bg3 a5
15. Rad1 Na6 16. Nxd5 exd5 17. Rxd5 Bxd5 18. Bxd5+ Kh8 19. Be4 h6 20. Bxa8 Rxa8
21. Nf4 Qf6 22. Nd3 Bd6 23. Bxd6 Qxd6 24. Qh5 c5 25. Ne5 Qf6 26. Rd1 Kg8 27.
Nd7 Qe7 1-0

[Event "Benidorm - Aficionados sub-2300 2014"]
[Site "Benidorm ESP"]
[Date "2014.11.30"]
[Round "3.71"]
[White "Keadana, Amir"]
[Black "Fernandez Seco, Julian"]
[Result "0-1"]
[WhiteElo "1832"]
[BlackElo "2036"]
[PlyCount "63"]
[EventDate "2014.11.28"]
[EventType "swiss"]
[EventRounds "10"]
[EventCountry "ESP"]
[SourceTitle "Ajedrez en Madrid"]
[Source "lmi"]
[SourceDate "2014.11.28"]

1. e4 c5 2. b3 Nc6 3. Bb2 d6 4. Bb5 Bd7 5. f4 Nf6 6. d3 Qa5+ 7. Nc3 g6 8. Nf3
Bg7 9. O-O Nxe4 10. dxe4 Bxc3 11. Bxc3 Qxc3 12. Qe2 a6 13. Bd3 Bg4 14. Rae1 Nd4
15. Qf2 Nxf3+ 16. gxf3 Bh3 17. Re3 Qf6 18. Rfe1 Qxf4 19. e5 d5 20. R3e2 Rc8 21.
c4 d4 22. Re4 Qg5+ 23. Kh1 e6 24. Rg1 Qd8 25. Rf4 Bf5 26. Bxf5 exf5 27. Re1 Qe7
28. Rh4 O-O 29. Qg3 f6 30. Qh3 fxe5 31. Rg1 Rc6 32. Rh6 0-1

[Event "Benidorm - Aficionados sub-2300 2014"]
[Site "Benidorm ESP"]
[Date "2014.12.01"]
[Round "4.1"]
[White "Torres Sanchez, Jose"]
[Black "Kultiyasov, Mikhail"]
[Result "0-1"]
[WhiteElo "2277"]
[BlackElo "2228"]
[PlyCount "100"]
[EventDate "2014.11.28"]
[EventType "swiss"]
[EventRounds "10"]
[EventCountry "ESP"]
[SourceTitle "Ajedrez en Madrid"]
[Source "lmi"]
[SourceDate "2014.11.28"]

1. e4 c5 2. Nf3 e6 3. d4 cxd4 4. Nxd4 a6 5. Bd3 Bc5 6. Nb3 Be7 7. O-O d6 8. c4
Nf6 9. Nc3 Qc7 10. Nd4 O-O 11. Kh1 Re8 12. f4 Nbd7 13. Nf3 b6 14. Qe2 Bb7 15.
Bd2 Rac8 16. Rae1 Nc5 17. Bb1 d5 18. e5 Nfe4 19. cxd5 Nxc3 20. Bxc3 Bxd5 21.
Ng5 g6 22. Qg4 Bf8 23. Qh4 h6 24. Nf3 Qb7 25. Bd4 Red8 26. Be3 Qe7 27. Qh3 Bc4
28. f5 exf5 29. Bxh6 Bxh6 30. Qxh6 Qf8 31. Qxf8+ Kxf8 32. Rf2 Nd3 33. Bxd3 Rxd3
34. b3 Bd5 35. Kg1 Rcc3 36. Ng5 Ke7 37. Nh3 Be4 38. Nf4 Rd8 39. h4 Rh8 40. h5
g5 41. Ne2 Rd3 42. Rc1 Rxh5 43. Rc7+ Ke6 44. Nc3 Kxe5 45. Re2 Kd6 46. Rc8 Kd7
47. Rc4 Bc6 48. b4 Rh4 49. Rxh4 gxh4 50. Rc2 Rg3 0-1

[Event "Benidorm - Aficionados sub-2300 2014"]
[Site "Benidorm ESP"]
[Date "2014.12.01"]
[Round "4.2"]
[White "Vilanova Corbi, Jorge"]
[Black "Vaarala, Eric"]
[Result "1/2-1/2"]
[WhiteElo "2153"]
[BlackElo "2274"]
[PlyCount "76"]
[EventDate "2014.11.28"]
[EventType "swiss"]
[EventRounds "10"]
[EventCountry "ESP"]
[SourceTitle "Ajedrez en Madrid"]
[Source "lmi"]
[SourceDate "2014.11.28"]

1. c4 c6 2. e4 e5 3. Nf3 d6 4. d4 Qc7 5. Nc3 Nf6 6. Be2 Bg4 7. Be3 Nbd7 8. h3
Bxf3 9. Bxf3 Be7 10. Qc2 Nf8 11. d5 Ng6 12. g3 h5 13. h4 Ng4 14. Bxg4 hxg4 15.
Qe2 Qd7 16. dxc6 bxc6 17. O-O-O Qe6 18. c5 dxc5 19. Qa6 O-O 20. h5 Nh8 21. Qa5
f6 22. Bxc5 Nf7 23. Rd2 Rfd8 24. Rhd1 Rxd2 25. Rxd2 Bxc5 26. Qxc5 Kh7 27. b3
Kh6 28. Rd1 a6 29. Qe3+ Ng5 30. Na4 Qe7 31. Nc5 Rd8 32. Rxd8 Qxd8 33. Ne6 Qd6
34. Nxg5 fxg5 35. Qd2 Qf6 36. Kb2 Kxh5 37. a3 Qf3 38. Qc2 g6 1/2-1/2

[Event "Benidorm - Aficionados sub-2300 2014"]
[Site "Benidorm ESP"]
[Date "2014.12.01"]
[Round "4.3"]
[White "Schmidt, Ralf"]
[Black "Olhovik, Andrei"]
[Result "0-1"]
[WhiteElo "2119"]
[BlackElo "2270"]
[PlyCount "90"]
[EventDate "2014.11.28"]
[EventType "swiss"]
[EventRounds "10"]
[EventCountry "ESP"]
[SourceTitle "Ajedrez en Madrid"]
[Source "lmi"]
[SourceDate "2014.11.28"]

1. e4 c5 2. d3 Nc6 3. g3 Nf6 4. Bg2 d5 5. Nd2 e5 6. exd5 Nxd5 7. Ngf3 Be7 8.
Nc4 f6 9. O-O O-O 10. c3 Be6 11. Re1 Nc7 12. Qe2 Qd7 13. Nfd2 Rfd8 14. Be4 Bf8
15. a4 Rab8 16. Ne3 b6 17. Ndc4 Ne7 18. Bd2 g6 19. f4 exf4 20. gxf4 Bg7 21.
Rad1 f5 22. Bf3 Qxd3 23. Qg2 Qd7 24. a5 b5 25. Bc1 Qe8 26. Nd6 Qf8 27. Nb7 Rxd1
28. Rxd1 c4 29. a6 Nxa6 30. Rd6 Nc7 31. Qd2 Re8 32. Nd8 Nc8 33. Nxe6 Nxe6 34.
Rd5 Nxf4 35. Rxb5 Nd6 36. Ra5 Nd3 37. Bd5+ Kh8 38. Nxc4 Nxc1 39. Qxc1 Nxc4 40.
Bxc4 Bh6 41. Qd1 Qf6 42. Kf1 Be3 43. Bd5 Bb6 44. Rb5 Qh4 45. Qd2 Qa4 0-1

[Event "Benidorm - Aficionados sub-2300 2014"]
[Site "Benidorm ESP"]
[Date "2014.12.01"]
[Round "4.4"]
[White "Lakunza Oyarbide, Juan Carlos"]
[Black "Sanchez Jerez, Emilio Miguel"]
[Result "0-1"]
[WhiteElo "2059"]
[BlackElo "2258"]
[PlyCount "84"]
[EventDate "2014.11.28"]
[EventType "swiss"]
[EventRounds "10"]
[EventCountry "ESP"]
[SourceTitle "Ajedrez en Madrid"]
[Source "lmi"]
[SourceDate "2014.11.28"]

1. d4 Nf6 2. c4 d6 3. Nc3 e5 4. dxe5 dxe5 5. Qxd8+ Kxd8 6. Nf3 Nfd7 7. Bg5+ f6
8. Bh4 Bb4 9. O-O-O Bxc3 10. bxc3 Ke7 11. e3 Nc6 12. Bd3 Nb6 13. Nd2 Be6 14. f4
exf4 15. exf4 Rad8 16. Kc2 Na5 17. Rhe1 Kf7 18. c5 Na4 19. Bf2 Rxd3 20. Kxd3
Bf5+ 21. Ke3 Nxc3 22. Rc1 Nxa2 23. Ra1 Be6 24. f5 Bd5 25. Bg3 Nc6 26. Bxc7 Nab4
27. Rec1 Re8+ 28. Kf2 Nd3+ 29. Kf1 Nxc1 30. Rxc1 Nd4 31. Nc4 Nxf5 32. Nd6+ Nxd6
33. Bxd6 Bc6 34. Ra1 a6 35. Kf2 Re4 36. g3 g5 37. Ra3 Kg6 38. Ra2 Ra4 39. Rxa4
Bxa4 40. Ke3 Bc6 41. Bc7 Kf5 42. Bd8 Ke5 0-1

[Event "Benidorm - Aficionados sub-2300 2014"]
[Site "Benidorm ESP"]
[Date "2014.12.01"]
[Round "4.5"]
[White "Ibañez Aullana, Ramon"]
[Black "Lacrosse, Marc"]
[Result "1-0"]
[WhiteElo "2268"]
[BlackElo "2177"]
[PlyCount "87"]
[EventDate "2014.11.28"]
[EventType "swiss"]
[EventRounds "10"]
[EventCountry "ESP"]
[SourceTitle "Ajedrez en Madrid"]
[Source "lmi"]
[SourceDate "2014.11.28"]

1. d4 d5 2. c4 e6 3. Nc3 Nf6 4. Nf3 Nbd7 5. e3 a6 6. cxd5 exd5 7. Bd3 c6 8. O-O
Bd6 9. Re1 O-O 10. Qc2 Re8 11. h3 Nf8 12. Bd2 Qe7 13. e4 dxe4 14. Nxe4 Nxe4 15.
Bxe4 Be6 16. Ng5 h6 17. Nxe6 Nxe6 18. d5 cxd5 19. Bxd5 Rac8 20. Qb3 Rc7 21. Re4
Qf6 22. Rae1 Rce7 23. Bc3 Qf5 24. g4 Qg6 25. Bxe6 fxe6 26. f4 Qf7 27. Qc4 Rc7
28. Qe2 Bxf4 29. Rf1 g5 30. Rexf4 gxf4 31. Be5 Rec8 32. Bxc7 Rxc7 33. Qe5 Rc4
34. b3 Rc6 35. Rxf4 Rc1+ 36. Kg2 Rc2+ 37. Kg3 Qe7 38. Rf6 Qc7 39. Qxc7 Rxc7 40.
Rxe6 Kg7 41. Kf4 Rf7+ 42. Ke4 Rd7 43. a4 Rc7 44. Kd4 1-0

[Event "Benidorm - Aficionados sub-2300 2014"]
[Site "Benidorm ESP"]
[Date "2014.12.01"]
[Round "4.6"]
[White "Jimenez Martinez, Jose Vicente"]
[Black "Tetimov, Ivan"]
[Result "1/2-1/2"]
[WhiteElo "2257"]
[BlackElo "2158"]
[PlyCount "111"]
[EventDate "2014.11.28"]
[EventType "swiss"]
[EventRounds "10"]
[EventCountry "ESP"]
[SourceTitle "Ajedrez en Madrid"]
[Source "lmi"]
[SourceDate "2014.11.28"]

1. d4 d5 2. c4 c6 3. Nf3 Nf6 4. Nc3 a6 5. a4 e6 6. Bg5 Be7 7. e3 a5 8. Be2 Na6
9. O-O O-O 10. Qb3 Nb4 11. Na2 Nxa2 12. Qxa2 dxc4 13. Qxc4 Nd5 14. Bxe7 Qxe7
15. Rfd1 Rd8 16. Rac1 Qb4 17. b3 Bd7 18. Ne5 Be8 19. Bf3 f6 20. Bxd5 cxd5 21.
Qxb4 axb4 22. Nd3 b5 23. axb5 Bxb5 24. Nxb4 Ra3 25. Nd3 Bxd3 26. Rxd3 Rb8 27.
Rb1 Rc8 28. Rdd1 Rc2 29. Rbc1 Re2 30. b4 Raa2 31. Rf1 Rab2 32. Rc8+ Kf7 33.
Rc7+ Kg6 34. Re7 Rxb4 35. Rxe6 Rxd4 36. Rd6 Rdd2 37. Ra6 h5 38. Ra4 Kf5 39.
Rf4+ Ke5 40. h4 g5 41. hxg5 fxg5 42. Rf8 h4 43. Kh2 g4 44. g3 h3 45. Rf4 d4 46.
exd4+ Rxd4 47. Rxd4 Kxd4 48. Kg1 Kd3 49. Ra1 Rc2 50. Ra3+ Rc3 51. Ra4 Rc4 52.
Ra3+ Ke4 53. Re3+ Kf5 54. Re8 Rc6 55. Rf8+ Rf6 56. Re8 1/2-1/2

[Event "Benidorm - Aficionados sub-2300 2014"]
[Site "Benidorm ESP"]
[Date "2014.12.01"]
[Round "4.7"]
[White "Mora Menezo, Jesus"]
[Black "Villasenor Rubio, Emilio Jose"]
[Result "1-0"]
[WhiteElo "2181"]
[BlackElo "2240"]
[PlyCount "41"]
[EventDate "2014.11.28"]
[EventType "swiss"]
[EventRounds "10"]
[EventCountry "ESP"]
[SourceTitle "Ajedrez en Madrid"]
[Source "lmi"]
[SourceDate "2014.11.28"]

1. e4 c5 2. Nf3 d6 3. d4 cxd4 4. Nxd4 Nf6 5. Nc3 a6 6. h3 e6 7. g4 d5 8. exd5
Nxd5 9. Nde2 Bb4 10. Bg2 Qc7 11. Bxd5 exd5 12. Qd4 Bxc3+ 13. Nxc3 O-O 14. Nxd5
Qa5+ 15. b4 Re8+ 16. Kf1 Qa4 17. Bb2 f6 18. Nxf6+ gxf6 19. Qxf6 Qd7 20. Qh8+
Kf7 21. Qg7+ 1-0

[Event "Benidorm - Aficionados sub-2300 2014"]
[Site "Benidorm ESP"]
[Date "2014.12.01"]
[Round "4.8"]
[White "Jordan Martinez, Miguel"]
[Black "Nunez Reiz, Antonio"]
[Result "1-0"]
[WhiteElo "2236"]
[BlackElo "2094"]
[PlyCount "89"]
[EventDate "2014.11.28"]
[EventType "swiss"]
[EventRounds "10"]
[EventCountry "ESP"]
[SourceTitle "Ajedrez en Madrid"]
[Source "lmi"]
[SourceDate "2014.11.28"]

1. e4 c5 2. Nf3 d6 3. d4 cxd4 4. Qxd4 a6 5. Bc4 Nc6 6. Qd3 Nf6 7. Nc3 Bg4 8.
Bb3 g6 9. Be3 Bg7 10. Nd4 O-O 11. f3 Nxd4 12. Bxd4 Be6 13. Bxe6 fxe6 14. O-O-O
b5 15. Kb1 Nh5 16. Bxg7 Nxg7 17. g4 Rc8 18. h4 Rc5 19. Ne2 Qe8 20. f4 Qf7 21.
Rdf1 e5 22. fxe5 Qxf1+ 23. Rxf1 Rxf1+ 24. Nc1 Rf2 25. exd6 exd6 26. c3 Rf6 27.
a4 Re5 28. a5 Rfe6 29. Qd4 Rxe4 30. Qd5 Rxg4 31. Qa8+ Ne8 32. Qxa6 b4 33. Qc8
Kf7 34. a6 Rg1 35. Kc2 Re7 36. Qb8 bxc3 37. bxc3 Nc7 38. a7 Rg2+ 39. Kb3 Rg1
40. Na2 Rb1+ 41. Kc2 Rh1 42. Nb4 Ra1 43. Kb2 Ra4 44. Nc6 Rd7 45. Qb3+ 1-0

[Event "Benidorm - Aficionados sub-2300 2014"]
[Site "Benidorm ESP"]
[Date "2014.12.01"]
[Round "4.10"]
[White "Jordan Martinez, David"]
[Black "Amdouni, Zoubaier"]
[Result "0-1"]
[WhiteElo "2119"]
[BlackElo "2291"]
[PlyCount "66"]
[EventDate "2014.11.28"]
[EventType "swiss"]
[EventRounds "10"]
[EventCountry "ESP"]
[SourceTitle "Ajedrez en Madrid"]
[Source "lmi"]
[SourceDate "2014.11.28"]

1. d4 d5 2. c4 e6 3. Nc3 c6 4. cxd5 exd5 5. Nf3 Bd6 6. Qc2 Nf6 7. Bg5 Nbd7 8.
e3 Nf8 9. Bd3 Ng6 10. O-O-O h6 11. Bxg6 hxg5 12. Bd3 g4 13. Nd2 Be6 14. f3 gxf3
15. gxf3 Qe7 16. Rde1 O-O-O 17. f4 Kb8 18. Nf3 g6 19. Kb1 Bb4 20. Ne5 Ng4 21.
Re2 Rh3 22. Rhe1 Rdh8 23. f5 Nxe5 24. dxe5 gxf5 25. Bxf5 R3h5 26. Rf1 Qc7 27.
Bxe6 fxe6 28. a3 Ba5 29. Ref2 a6 30. Rf8+ Rxf8 31. Rxf8+ Ka7 32. Qg6 Rxh2 33.
Qxe6 Bxc3 0-1

[Event "Benidorm - Aficionados sub-2300 2014"]
[Site "Benidorm ESP"]
[Date "2014.12.01"]
[Round "4.11"]
[White "Arias Igual, Alejandro"]
[Black "Diez Fraile, David"]
[Result "1-0"]
[WhiteElo "2297"]
[BlackElo "2147"]
[PlyCount "61"]
[EventDate "2014.11.28"]
[EventType "swiss"]
[EventRounds "10"]
[EventCountry "ESP"]
[SourceTitle "Ajedrez en Madrid"]
[Source "lmi"]
[SourceDate "2014.11.28"]

1. d4 d5 2. c4 e6 3. Nc3 Nf6 4. Nf3 c6 5. e3 Nbd7 6. Qc2 Bd6 7. Bd2 O-O 8.
O-O-O c5 9. Kb1 b6 10. e4 cxd4 11. Nxd4 dxc4 12. Bxc4 Bb7 13. f3 a6 14. Bg5 Qb8
15. Qd2 Bb4 16. Nxe6 fxe6 17. Bxe6+ Rf7 18. a3 Bf8 19. f4 Qe8 20. Bxf7+ Qxf7
21. e5 Ne4 22. Qd4 Nxc3+ 23. Qxc3 Be4+ 24. Ka1 Nc5 25. b4 Na4 26. Qe3 Bf5 27.
Rhe1 Qe6 28. h3 h5 29. Qf3 b5 30. Qxa8 Qb3 31. Qd5+ 1-0

[Event "Benidorm - Aficionados sub-2300 2014"]
[Site "Benidorm ESP"]
[Date "2014.12.01"]
[Round "4.17"]
[White "Platel, Alexandre"]
[Black "Lamas Mercadal, Manuel"]
[Result "1-0"]
[WhiteElo "2219"]
[BlackElo "2132"]
[PlyCount "35"]
[EventDate "2014.11.28"]
[EventType "swiss"]
[EventRounds "10"]
[EventCountry "ESP"]
[SourceTitle "Ajedrez en Madrid"]
[Source "lmi"]
[SourceDate "2014.11.28"]

1. e4 e6 2. d4 d5 3. Nc3 Bb4 4. Nge2 Nc6 5. a3 Ba5 6. Be3 Nge7 7. Qd3 O-O 8.
O-O-O Rb8 9. b4 Bb6 10. Na4 e5 11. exd5 Nxd5 12. c4 Nxe3 13. fxe3 a6 14. d5 Ne7
15. Nxb6 cxb6 16. d6 e4 17. dxe7 Qxe7 18. Qd6 1-0

[Event "Benidorm - Aficionados sub-2300 2014"]
[Site "Benidorm ESP"]
[Date "2014.12.01"]
[Round "4.18"]
[White "Besga Lopez, Jose Angel"]
[Black "Cappon, John"]
[Result "0-1"]
[WhiteElo "2068"]
[BlackElo "2216"]
[PlyCount "56"]
[EventDate "2014.11.28"]
[EventType "swiss"]
[EventRounds "10"]
[EventCountry "ESP"]
[SourceTitle "Ajedrez en Madrid"]
[Source "lmi"]
[SourceDate "2014.11.28"]

1. e4 e6 2. d4 d5 3. exd5 exd5 4. Bd3 Bd6 5. Ne2 Ne7 6. Bf4 Bxf4 7. Nxf4 Qd6 8.
Qf3 Nbc6 9. c3 O-O 10. O-O Be6 11. Re1 Rae8 12. Na3 Ng6 13. Nxe6 fxe6 14. Nb5
Qe7 15. Qh3 Qf6 16. Nxc7 Re7 17. Bxg6 Qxf2+ 18. Kh1 hxg6 19. Nb5 Qxb2 20. Nd6
Qf2 21. Qd3 Qf4 22. Nb5 Ref7 23. h3 a6 24. Na3 Rf6 25. Nc2 g5 26. Ne3 Qg3 27.
Qb1 Rf2 28. Qxb7 Rxg2 0-1

[Event "Benidorm - Aficionados sub-2300 2014"]
[Site "Benidorm ESP"]
[Date "2014.12.01"]
[Round "4.20"]
[White "Ayza Leon, David"]
[Black "Baktache, Mohamed Ali"]
[Result "1-0"]
[WhiteElo "2199"]
[BlackElo "2050"]
[PlyCount "55"]
[EventDate "2014.11.28"]
[EventType "swiss"]
[EventRounds "10"]
[EventCountry "ESP"]
[SourceTitle "Ajedrez en Madrid"]
[Source "lmi"]
[SourceDate "2014.11.28"]

1. e4 c5 2. a3 Nc6 3. b4 cxb4 4. axb4 a6 5. b5 Nb8 6. d4 d6 7. Nf3 e6 8. Bd3
Be7 9. O-O a5 10. e5 dxe5 11. dxe5 Nd7 12. Qe2 Nc5 13. Rd1 Qc7 14. Na3 Nxd3 15.
Qxd3 Bc5 16. b6 Qxb6 17. Rb1 Qc7 18. Nb5 Qe7 19. Nd6+ Kf8 20. Qb5 Bxd6 21. exd6
Qd7 22. Ne5 Qxb5 23. Rxb5 Nf6 24. d7 Nxd7 25. Nxd7+ Ke7 26. Ba3+ Ke8 27. Nb6
Rb8 28. Rc5 1-0

[Event "Benidorm - Aficionados sub-2300 2014"]
[Site "Benidorm ESP"]
[Date "2014.12.01"]
[Round "4.21"]
[White "Serra Pages, Jordi"]
[Black "Megias Ortiz, Vicente Manuel"]
[Result "1-0"]
[WhiteElo "2182"]
[BlackElo "2049"]
[PlyCount "49"]
[EventDate "2014.11.28"]
[EventType "swiss"]
[EventRounds "10"]
[EventCountry "ESP"]
[SourceTitle "Ajedrez en Madrid"]
[Source "lmi"]
[SourceDate "2014.11.28"]

1. d4 d5 2. c4 c6 3. Nf3 e6 4. Nc3 Nf6 5. Bg5 Be7 6. e3 Nbd7 7. cxd5 exd5 8.
Qc2 O-O 9. Bd3 Re8 10. O-O Nf8 11. Ne5 N6d7 12. Bxe7 Qxe7 13. Nxd7 Bxd7 14.
Rae1 Qd6 15. f3 g6 16. Qf2 c5 17. Qg3 Qxg3 18. hxg3 Be6 19. dxc5 Rec8 20. b4 a5
21. Na4 Nd7 22. Bb5 Rc7 23. Bxd7 Bxd7 24. Nb6 Re8 25. Nxd5 1-0

[Event "Benidorm - Aficionados sub-2300 2014"]
[Site "Benidorm ESP"]
[Date "2014.12.01"]
[Round "4.33"]
[White "Gomez Sanjuan, Hector Fernando"]
[Black "Nicolas Zapata, Irene"]
[Result "0-1"]
[WhiteElo "2023"]
[BlackElo "2202"]
[PlyCount "58"]
[EventDate "2014.11.28"]
[EventType "swiss"]
[EventRounds "10"]
[EventCountry "ESP"]
[SourceTitle "Ajedrez en Madrid"]
[Source "lmi"]
[SourceDate "2014.11.28"]

1. d4 Nf6 2. c4 e6 3. Nc3 Bb4 4. Qc2 c5 5. dxc5 Nc6 6. Nf3 Bxc5 7. e3 d5 8. a3
a5 9. Bd3 e5 10. cxd5 Nxd5 11. Nxd5 Qxd5 12. Be4 Qd6 13. O-O h6 14. Rd1 Qe7 15.
Rd5 Ba7 16. Rb5 O-O 17. Bd2 Be6 18. Nxe5 Nxe5 19. Rxe5 Rac8 20. Qa4 Qd6 21. Bc3
Rfd8 22. h3 Bb8 23. g3 Rc4 24. Qxa5 Bc7 25. Qb5 Rxc3 26. Rxe6 Qxe6 27. Bf5 Qb3
28. Bh7+ Kxh7 29. Qf5+ g6 0-1

[Event "Benidorm - Aficionados sub-2300 2014"]
[Site "Benidorm ESP"]
[Date "2014.12.01"]
[Round "4.40"]
[White "Lillo Ferrer, Jose Maria M"]
[Black "Penafiel Lopez, Juan"]
[Result "1/2-1/2"]
[WhiteElo "2040"]
[BlackElo "2011"]
[PlyCount "60"]
[EventDate "2014.11.28"]
[EventType "swiss"]
[EventRounds "10"]
[EventCountry "ESP"]
[SourceTitle "Ajedrez en Madrid"]
[Source "lmi"]
[SourceDate "2014.11.28"]

1. e4 e6 2. d3 b6 3. g3 Bb7 4. Bg2 Nf6 5. f4 Be7 6. Nf3 d5 7. e5 Nfd7 8. O-O c5
9. c3 Nc6 10. Na3 a6 11. Nc2 Qc7 12. Be3 h5 13. h3 O-O-O 14. d4 c4 15. b4 Rdg8
16. Qd2 Nd8 17. g4 hxg4 18. hxg4 f6 19. Rae1 Nf8 20. Kf2 Nf7 21. Rh1 Nh6 22.
Bh3 Kb8 23. Ke2 Bc8 24. Reg1 Nf7 25. Qd1 g5 26. exf6 Bxf6 27. fxg5 Nxg5 28.
Nxg5 Bxg5 29. Qd2 Bxe3 30. Nxe3 Ng6 1/2-1/2

[Event "Benidorm - Aficionados sub-2300 2014"]
[Site "Benidorm ESP"]
[Date "2014.12.01"]
[Round "4.41"]
[White "Pozanco Romasanta, Marc"]
[Black "Nieves Cabanes, Jose Manuel"]
[Result "1/2-1/2"]
[WhiteElo "2038"]
[BlackElo "1970"]
[PlyCount "54"]
[EventDate "2014.11.28"]
[EventType "swiss"]
[EventRounds "10"]
[EventCountry "ESP"]
[SourceTitle "Ajedrez en Madrid"]
[Source "lmi"]
[SourceDate "2014.11.28"]

1. d4 Nf6 2. c4 e6 3. Nc3 Bb4 4. e3 O-O 5. Bd3 d5 6. a3 Bxc3+ 7. bxc3 c5 8.
cxd5 exd5 9. Ne2 Nc6 10. O-O Bg4 11. f3 Bh5 12. Ng3 Bg6 13. Bxg6 hxg6 14. Qd3
Re8 15. a4 Na5 16. Rb1 Nb3 17. e4 Nxc1 18. Rfxc1 dxe4 19. fxe4 cxd4 20. cxd4
Qe7 21. e5 Nh5 22. Qf3 Nxg3 23. hxg3 b6 24. a5 Qd7 25. Kh2 Qxd4 26. Rc7 Rf8 27.
Rb5 Rac8 1/2-1/2

[Event "Benidorm - Aficionados sub-2300 2014"]
[Site "Benidorm ESP"]
[Date "2014.12.01"]
[Round "4.48"]
[White "Arpa Pardo, Emilio"]
[Black "Sanchez Barbado, Carlos"]
[Result "0-1"]
[WhiteElo "2017"]
[BlackElo "2173"]
[PlyCount "60"]
[EventDate "2014.11.28"]
[EventType "swiss"]
[EventRounds "10"]
[EventCountry "ESP"]
[SourceTitle "Ajedrez en Madrid"]
[Source "lmi"]
[SourceDate "2014.11.28"]

1. c4 f5 2. e4 fxe4 3. d3 Nf6 4. dxe4 e5 5. Nf3 Nc6 6. Nc3 d6 7. h3 Be7 8. Bd3
O-O 9. Be3 Kh8 10. Qe2 Nb4 11. O-O-O c6 12. a3 Nxd3+ 13. Qxd3 Qc7 14. Ng5 h6
15. h4 Ng4 16. c5 dxc5 17. Qc4 b5 18. Qe2 a5 19. f3 Nxe3 20. Qxe3 a4 21. Ne2 b4
22. Ng3 c4 23. Nf5 Bxf5 24. exf5 bxa3 25. bxa3 Rab8 26. Kc2 Rb3 27. Qe4 Bxa3
28. f6 Rb2+ 29. Kc3 Qa5+ 30. Kxc4 Qb4+ 0-1

[Event "Benidorm - Aficionados sub-2300 2014"]
[Site "Benidorm ESP"]
[Date "2014.12.01"]
[Round "4.56"]
[White "Jove Grau, Lluis"]
[Black "Beltran Sanz, Felix"]
[Result "1-0"]
[WhiteElo "2077"]
[BlackElo "1721"]
[PlyCount "65"]
[EventDate "2014.11.28"]
[EventType "swiss"]
[EventRounds "10"]
[EventCountry "ESP"]
[SourceTitle "Ajedrez en Madrid"]
[Source "lmi"]
[SourceDate "2014.11.28"]

1. b4 d5 2. Bb2 Bf5 3. Nf3 e6 4. e3 Nf6 5. a3 Nbd7 6. c4 c6 7. d4 Be7 8. Nbd2
O-O 9. Be2 h6 10. O-O Rc8 11. Qb3 Ne4 12. Nxe4 Bxe4 13. Rfd1 dxc4 14. Qxc4 Nb6
15. Qc1 Qd5 16. Ne5 Bxg2 17. f3 Bh3 18. a4 Qd8 19. e4 Nd7 20. a5 Bxb4 21. Ba3
Bxa3 22. Rxa3 Nxe5 23. dxe5 Qe7 24. f4 Qh4 25. Rg3 f5 26. Qe3 Bg4 27. Rd7 Rcd8
28. Rxb7 Rf7 29. Qxa7 Rdf8 30. exf5 Bxf5 31. Rxg7+ Kh8 32. Rgxf7 Qe1+ 33. Bf1
1-0

[Event "Benidorm - Aficionados sub-2300 2014"]
[Site "Benidorm ESP"]
[Date "2014.12.01"]
[Round "4.59"]
[White "Garcia Gata, Jorge D"]
[Black "Garcia Pastor, Marcelo"]
[Result "1-0"]
[WhiteElo "2046"]
[BlackElo "2067"]
[PlyCount "65"]
[EventDate "2014.11.28"]
[EventType "swiss"]
[EventRounds "10"]
[EventCountry "ESP"]
[SourceTitle "Ajedrez en Madrid"]
[Source "lmi"]
[SourceDate "2014.11.28"]

1. d4 d5 2. Nf3 Nf6 3. c4 e6 4. Nc3 c6 5. e3 Bd6 6. Qc2 Nbd7 7. g4 g6 8. g5 Nh5
9. Bd2 a6 10. O-O-O dxc4 11. Bxc4 b5 12. Be2 Bb7 13. Ne4 Be7 14. Nc5 Nxc5 15.
dxc5 Qc7 16. Bc3 Rg8 17. Ne5 Ng7 18. Rd7 Qxd7 19. Nxd7 Kxd7 20. Rd1+ Ke8 21.
Bxg7 Rxg7 22. Qc3 Rg8 23. Qe5 Rc8 24. Bg4 a5 25. Bxe6 fxe6 26. Qxe6 Rf8 27. Rd7
Rf7 28. Rxb7 Rd8 29. Qxc6+ Kf8 30. Qe6 Re8 31. f4 Rf5 32. c6 Bd8 33. Qd6+ 1-0

[Event "Benidorm - Aficionados sub-2300 2014"]
[Site "Benidorm ESP"]
[Date "2014.12.01"]
[Round "4.61"]
[White "Miquel Juan, Marcelo"]
[Black "Martin Martin, Luis Vicente"]
[Result "1-0"]
[WhiteElo "1842"]
[BlackElo "2035"]
[PlyCount "64"]
[EventDate "2014.11.28"]
[EventType "swiss"]
[EventRounds "10"]
[EventCountry "ESP"]
[SourceTitle "Ajedrez en Madrid"]
[Source "lmi"]
[SourceDate "2014.11.28"]

1. e4 g6 2. d4 Bg7 3. Nc3 c5 4. d5 d6 5. f4 f5 6. Nf3 fxe4 7. Nxe4 Nf6 8. Neg5
O-O 9. Bd3 Nxd5 10. Bc4 e6 11. Bxd5 exd5 12. Qxd5+ Kh8 13. Nf7+ Rxf7 14. Qxf7
Nc6 15. O-O Bf5 16. Ng5 Qf8 17. Qb3 h6 18. Ne6 Bxe6 19. Qxe6 Re8 20. Qxg6 Re2
21. f5 Bd4+ 22. Kh1 Ne5 23. Qxh6+ Qxh6 24. Bxh6 Ng4 25. c3 Nf2+ 26. Kg1 Nh3+
27. Kh1 Nf2+ 28. Rxf2 Bxf2 29. g4 Rxb2 30. Rd1 Rb6 31. Rd5 c4 32. g5 Be1 1-0

[Event "Benidorm - Aficionados sub-2300 2014"]
[Site "Benidorm ESP"]
[Date "2014.12.01"]
[Round "4.65"]
[White "Ruiz Bellon, Manuel"]
[Black "Keadana, Amir"]
[Result "1-0"]
[WhiteElo "2005"]
[BlackElo "1832"]
[PlyCount "27"]
[EventDate "2014.11.28"]
[EventType "swiss"]
[EventRounds "10"]
[EventCountry "ESP"]
[SourceTitle "Ajedrez en Madrid"]
[Source "lmi"]
[SourceDate "2014.11.28"]

1. e4 e6 2. d3 d5 3. Nd2 Nf6 4. Ngf3 b6 5. c3 Bb7 6. Qc2 c5 7. Be2 Qc7 8. O-O
Bd6 9. Re1 Nbd7 10. exd5 Bxd5 11. Ne4 Bf4 12. g3 Bxc1 13. Raxc1 Qb7 14. Nd6+
1-0